| 000 | 00419nam a22001697a 4500 | ||
|---|---|---|---|
| 003 | MACL | ||
| 005 | 20160116162841.0 | ||
| 008 | 160116b xxu||||| |||| 00| 0 eng d | ||
| 040 | _cMACL | ||
| 041 | _aEnglish | ||
| 082 | _a824/TRI | ||
| 100 |
_aTrivedi Madhu _932988 |
||
| 245 | _aThe Emergence Of The Hindustani Tradition | ||
| 260 |
_aNew Delhi _bThree Essays _c2012 |
||
| 650 |
_aEssays _932989 |
||
| 942 |
_2ddc _cBK |
||
| 999 |
_c52695 _d52695 |
||